1455 1308 1068 1370 1359 1939 1722 1191 1435 1272 1118 1536 1164 1530 1007 1755 1931 1625 1282 1510 1287 1723 1055 1481 1355 1836 1900 1101 1341 1141 1015 1812 1960 1946 1431 1884 1904 1728 1521 1449 1963 1350 1656 1925 1082 1346 1964 1043 1594 1164 1445 1744 1655 1307 1681 1053 1041 1504 1855 1695 1496 1034 1198 1382 1067 1819 1595 1861 1033 1427 1925 1357 1883 1663 1290 1674 1397 1244 1786 1388 1172 1366 1769 1018 1395 1517 1925 1285 1735 1544 1304 1810 1927 1298 1681 1566 1893 1621 1160 BCNSPRNW ULIB Ver.6.0+V

เปลี่ยนเป็นภาษาไทย

Change to English
 แสดงรายละเอียดบรรณานุกรม
  กลับหน้าหลัก

Brief Record : Get Marc (ISO 2709) : E-mail record : QR code < ปิดหน้าต่าง
LEADER : 00000nam 2200000uu 4500
001    13399121351
003     ULIB
008    020711s2549 th a 000 0 tha d
020    9789749785652
090    นว.^bA163ส
100    ASTERISK
245    สปีชีส์สายพันธุ์สังเคราะห์/^cASTERISK
250    พิมพ์ครั้งที่ 1
260    กรุงเทพฯ :^bอิสระบุ๊ค,^c2549
945    ^p180^l0^i14862
999    ^aกัณชพร
รายการนี้ยังไม่มีแท็ก
คุณยังไม่ได้ล็อกอิน คุณสามารถมีกิจกรรมร่วมกับเว็บไซต์ได้ แต่ต้องล็อกอินก่อน ::
  ล็อกอิน

รายการสื่อสารสนเทศ

ลำดับที่ ประเภท เลขเรียก/บาร์โค้ด สถานที่ สถานะ
1. วิทยาศาสตร์การแพทย์ และสุขภาพ
วิทยาศาสตร์การแพทย์ และสุขภาพ
นว. A163ส  
  Barcode: 14862
ห้องสมุดวิทยาเขตสวรรค์ประชารักษ์
►นวนิยาย
บนชั้น
  ขอยืม

BibComment


ยังไม่เคยถูกคอมเมนท์

คอมเมนท์ทรัพยากรรายการนี้
  คอมเมนท์: สปีชีส์สายพันธุ์ส..


 Copyright 2026. Bcnsprnw @Library